000 00625nam a2200229Ia 4500
003 OSt
005 20220923225600.0
006 a|||||r|||| 00| 0
007 ta
008 220922b |||||||| |||| 00| 0 rus d
024 _a271,900
037 _cTextual
040 _aARTS
_cARTS
_brus
041 _2rus
_arus
082 _aO142,3M28,KA, 153K9
100 _aਟਾਲਸਟਾਏ, ਲਿਊ
245 0 _aਕੱਸਾਕ
260 _c1969
650 _aਰਾFੀਅਨ ਸਾਹਿਤ
942 _hO142,3M28,KA, 153K9
_cTEXL
_2CC
999 _c379275
_d379275